000 00833cam a22002531 4500
001 gs 64000100
003 DLC
005 20260227111413.0
008 820824s1962 rh ab b 000 0 eng c
010 _ags 64000100
035 _a(OCoLC)8713348
040 _aU.S. Geol. Survey. Libr.
_cFU
_dFU
_dDLC
042 _apremarc
043 _af-rh---
050 0 0 _aQE327.R6
_bA4 no. 54
100 1 _aWorst, B. G.
245 1 4 _aThe geology of the Mwanesi Range and the adjoining country.
260 _aSalisbury,
_c1962.
300 _a63 p.
_billus., fold. maps (1 col. in pocket) diagrs., tables.
_c25 cm.
490 1 _aSouthern Rhodesia. Geological Survey. Bulletin
_vno. 54
504 _aBibliography: p. 63.
650 0 _aGeology
_zZimbabwe
_zMwanesi Range.
810 2 _aSouthern Rhodesia Geological Survey.
_tBulletin ;
_vno. 54.
999 _c29798
_d29798